The airport project book

Bibliographic Details
Main Author: Nott, Valerie M
Format: Book
Published: London : Watts Books , 1992
Series:Project Book Series
Subjects:

MARC

LEADER 00000cam a2200000 7i4500
001 0000004603
002 000004963
005 20060322.0
020 |a 0749612746 
090 0 0 |a 030   |b PRO 
100 1 |a Nott, Valerie M 
245 1 4 |a The airport project book   |c Valerie M.Nott ; illustrated by Duncan Gutteridge 
260 |a London :   |b Watts Books ,   |c 1992 
300 |a 31p. :   |b ill. ;   |c 27cm. 
490 0 |a Project Book Series 
650 0 0 |a Airport   |x Juvenile literature 
999 |a 037408   |b BUKU   |c JUNIOR BOOKS   |e PERPUSTAKAAN KOMUNITI PETALING JAYA